Руководство и управление в стратегии ускорения

書目詳細資料
主要作者: Первак В. И. Виктор Иванович
總結:Исключено из фонда НТБ ТПУ
語言:俄语
出版: Львов, Вища школа, 1987
格式: MixedMaterials 圖書
KOHA link:https://koha.lib.tpu.ru/cgi-bin/koha/opac-detail.pl?biblionumber=256066

MARC

LEADER 00000nam0a2200000 4500
001 256066
005 20231031215340.0
020 |a RU  |b 87-86558 
035 |a (RuTPU)RU\TPU\book\278707 
090 |a 256066 
100 |a 20140404d1987 k a0rusy5003 ca 
101 0 |a rus 
102 |a UA 
105 |a y z 001zy 
200 1 |a Руководство и управление в стратегии ускорения  |f В. И. Первак 
210 |a Львов  |c Вища школа  |d 1987 
215 |a 148 с. 
333 |a Исключено из фонда НТБ ТПУ 
700 1 |a Первак  |b В. И.  |g Виктор Иванович 
801 0 |a RU  |b RuMRKP  |c 19950417  |g psbo 
801 1 |a RU  |b 63413507  |c 20140404 
801 2 |a RU  |b 63413507  |c 20220304  |g RCR 
942 |c BK